000 00345 a2200121 4500
001 55489
082 _a624.1521 SAR
090 _c34434
_d34434
100 _aSaran, Swami
245 _aAnalysis and design of substructures; limit state design, 2nd Edition
_cSwami Saran
250 _a2
260 _aNew delhi
_bOxford University Press
_c2006
942 _aNUST-CAE
_k624.1521 SAR
999 _c290562
_d290562